[Event "DVM U12 2020"]
[Site "Magdeburg GER"]
[Date "2021.08.06"]
[Round "3"]
[White "Schmidt, Moritz"]
[Black "Baihaghi, Aryana"]
[Result "1-0"]
[Termination "normal"]
[Board "4.4"]
[WhiteElo "1454"]
[BlackElo "1057"]
[WhiteClock "01:08:24"]
[BlackClock "00:44:56"]
[WhiteTeam "Schachvereinigung 1920 Plettenberg e. V."]
[BlackTeam "SC Brandeck-Turm Ohlsbach e.V."]
[PlyCount "57"]
[WhiteFideId "34603549"]
[BlackFideId "34604960"]
[EventCountry "GER"]
[EventRounds "7"]
[EventType "team-swiss"]
[EventDate "2021.08.04"]

1. e4 {[%clk 01:30:58]} {[%emt 00:00:17]} c5 {[%clk 01:30:54]} {[%emt
00:00:03]} 2. c3 {[%clk 01:31:19]} d5 {[%clk 01:31:18]} {[%emt 00:00:05]} 3. d4
{[%clk 01:30:51]} {[%emt 00:02:28]} e5 {[%clk 01:31:04]} 4. Be3 {[%clk
01:30:33]} Nd7 {[%clk 01:23:52]} {[%emt 00:09:20]} 5. Nd2 {[%clk 01:30:20]}
Ngf6 {[%clk 01:23:50]} 6. Bb5 {[%clk 01:29:48]} {[%emt 00:03:06]} Qc7 {[%clk
01:22:01]} 7. Ngf3 {[%clk 01:28:28]} {[%emt 00:02:00]} cxd4 {[%clk 01:20:18]}
{[%emt 00:09:38]} 8. cxd4 {[%clk 01:28:25]} exd4 {[%clk 01:18:00]} 9. Bxd4
{[%clk 01:26:55]} dxe4 {[%clk 01:14:57]} {[%emt 00:01:10]} 10. Qe2 {[%clk
01:24:44]} {[%emt 00:05:08]} Be7 {[%clk 01:12:57]} 11. Bxf6 {[%clk 01:23:10]}
{[%emt 00:02:05]} Bxf6 {[%clk 01:11:19]} {[%emt 00:02:08]} 12. Nxe4 {[%clk
01:21:12]} {[%emt 00:02:30]} O-O {[%clk 01:09:51]} {[%emt 00:06:33]} 13. Bxd7
{[%clk 01:21:05]} Bxd7 {[%clk 01:09:41]} 14. Nxf6+ {[%clk 01:21:11]} gxf6
{[%clk 01:09:49]} 15. O-O {[%clk 01:21:32]} Kh8 {[%clk 01:09:53]} {[%emt
00:00:04]} 16. Qe7 {[%clk 01:20:02]} Qc6 {[%clk 01:06:31]} {[%emt 00:16:51]}
17. Nd4 {[%clk 01:16:56]} Qb6 {[%clk 01:04:00]} 18. Qxd7 {[%clk 01:15:59]} Rad8
{[%clk 01:03:56]} 19. Qe7 {[%clk 01:14:38]} Qxd4 {[%clk 01:03:00]} 20. Qxb7
{[%clk 01:14:37]} Rg8 {[%clk 01:02:14]} {[%emt 00:11:42]} 21. Qxf7 {[%clk
01:13:50]} Rd7 {[%clk 01:01:26]} 22. Qh5 {[%clk 01:13:19]} Rxg2+ {[%clk
01:00:30]} 23. Kxg2 {[%clk 01:09:52]} Qe4+ {[%clk 00:59:23]} 24. f3 {[%clk
01:10:07]} Qe2+ {[%clk 00:59:09]} {[%emt 00:00:32]} 25. Kh1 {[%clk 01:10:16]}
{[%emt 00:07:50]} Rb7 {[%clk 00:48:00]} {[%emt 00:08:53]} 26. Rae1 {[%clk
01:08:35]} Qc4 {[%clk 00:45:59]} 27. Re8+ {[%clk 01:08:24]} {[%emt 00:00:43]}
Kg7 {[%emt 00:00:12]} 28. Rg1+ {[%emt 00:00:15]} Qg4 {[%clk 00:44:56]} {[%emt
00:01:04]} 29. Rxg4# {[%emt 00:00:19]} 1-0

[Event "DVM U12 2020"]
[Site "Magdeburg GER"]
[Date "2021.08.06"]
[Round "3"]
[White "Schwan, Aaron"]
[Black "Herrmann, Jakob"]
[Result "1/2-1/2"]
[Termination "normal"]
[Board "5.1"]
[WhiteElo "1532"]
[BlackElo "1531"]
[WhiteClock "00:14:51"]
[BlackClock "00:33:30"]
[WhiteTeam "SK Tarrasch 1945 München"]
[BlackTeam "SAV Torgelow-Drögeheide 90"]
[PlyCount "82"]
[WhiteFideId "34603220"]
[BlackFideId "16287169"]
[EventCountry "GER"]
[EventRounds "7"]
[EventType "team-swiss"]
[EventDate "2021.08.04"]

1. e4 {[%clk 01:30:58]} c5 {[%clk 01:30:49]} 2. d4 {[%clk 01:31:22]} cxd4
{[%clk 01:31:13]} {[%emt 00:03:59]} 3. c3 {[%clk 01:31:51]} dxc3 {[%clk
01:31:35]} 4. Nxc3 {[%clk 01:32:19]} Nc6 {[%clk 01:31:54]} 5. Bc4 {[%clk
01:32:43]} e6 {[%clk 01:32:14]} 6. Nf3 {[%clk 01:32:50]} a6 {[%clk 01:32:17]}
7. O-O {[%clk 01:33:06]} Nge7 {[%clk 01:31:43]} 8. Bg5 {[%clk 01:33:26]} f6
{[%clk 01:32:02]} 9. Be3 {[%clk 01:33:43]} Ng6 {[%clk 01:32:11]} 10. Bb3 {[%clk
01:22:25]} b5 {[%clk 01:23:46]} 11. Nd5 {[%clk 01:22:11]} exd5 {[%clk
01:17:37]} 12. exd5 {[%clk 01:22:31]} Na5 {[%clk 01:05:13]} 13. d6 {[%clk
01:18:47]} Nxb3 {[%clk 01:05:00]} 14. axb3 {[%clk 01:06:56]} Bb7 {[%clk
00:51:32]} 15. Re1 {[%clk 01:02:49]} Be7 {[%clk 00:51:44]} 16. dxe7 {[%clk
00:58:57]} Qc7 {[%clk 00:50:59]} 17. Rc1 {[%clk 00:57:48]} Bc6 {[%clk
00:49:45]} 18. Nd4 {[%clk 00:55:22]} Qd6 {[%clk 00:38:51]} 19. Qh5 {[%clk
00:45:47]} Qd5 {[%clk 00:35:48]} 20. Qxd5 {[%clk 00:38:44]} {[%emt 00:01:45]}
Bxd5 {[%clk 00:36:16]} 21. Nf5 {[%clk 00:38:36]} Be6 {[%clk 00:34:20]} {[%emt
00:02:07]} 22. Nxg7+ {[%clk 00:34:57]} {[%emt 00:05:11]} Kxe7 {[%clk 00:34:36]}
23. Nxe6 {[%clk 00:34:41]} dxe6 {[%clk 00:34:58]} {[%emt 00:00:04]} 24. Rc7+
{[%clk 00:33:46]} {[%emt 00:01:21]} Kd6 {[%clk 00:34:16]} {[%emt 00:01:16]} 25.
Rec1 {[%clk 00:31:55]} {[%emt 00:02:17]} Ne7 {[%clk 00:33:55]} {[%emt
00:00:51]} 26. Rb7 {[%clk 00:28:16]} {[%emt 00:04:09]} Rhc8 {[%clk 00:31:11]}
{[%emt 00:03:14]} 27. Rd1+ {[%clk 00:27:31]} {[%emt 00:01:15]} Nd5 {[%clk
00:31:29]} {[%emt 00:00:17]} 28. Rxh7 {[%clk 00:27:05]} {[%emt 00:00:54]} Rc2
{[%clk 00:31:06]} {[%emt 00:00:50]} 29. Bd4 {[%clk 00:27:02]} {[%emt 00:00:37]}
e5 {[%clk 00:31:18]} {[%emt 00:00:14]} 30. Bc3 {[%clk 00:27:09]} {[%emt
00:00:23]} Ke6 {[%clk 00:31:42]} {[%emt 00:00:11]} 31. g4 {[%clk 00:24:22]}
{[%emt 00:03:18]} Rg8 {[%clk 00:31:52]} {[%emt 00:00:14]} 32. h3 {[%clk
00:24:18]} {[%emt 00:00:38]} b4 {[%clk 00:31:23]} {[%emt 00:00:56]} 33. Be1
{[%clk 00:17:42]} {[%emt 00:10:16]} Rxb2 {[%clk 00:31:32]} 34. Ra7 {[%clk
00:17:36]} Ra2 {[%clk 00:31:27]} 35. Kh2 {[%clk 00:15:46]} {[%emt 00:00:46]}
Rh8 {[%clk 00:30:53]} {[%emt 00:01:03]} 36. Kg3 {[%clk 00:15:00]} {[%emt
00:01:12]} Nf4 {[%clk 00:31:16]} {[%emt 00:00:08]} 37. h4 {[%clk 00:14:56]}
{[%emt 00:00:37]} Ne2+ {[%clk 00:31:41]} {[%emt 00:00:06]} 38. Kh3 {[%clk
00:14:14]} {[%emt 00:02:58]} Nf4+ {[%clk 00:32:05]} 39. Kg3 {[%clk 00:14:40]}
Ne2+ {[%clk 00:32:33]} 40. Kh3 {[%clk 00:15:04]} Nf4+ {[%clk 00:33:01]} 41. Kg3
{[%clk 00:14:51]} Ne2+ {[%clk 00:33:30]} 1/2-1/2

[Event "DVM U12 2020"]
[Site "Magdeburg GER"]
[Date "2021.08.06"]
[Round "3"]
[White "Drechsler, Andor"]
[Black "Rudolph, Alexander"]
[Result "0-1"]
[Termination "normal"]
[Board "5.2"]
[WhiteElo "1256"]
[BlackElo "1352"]
[WhiteClock "00:23:56"]
[BlackClock "00:41:12"]
[WhiteTeam "SAV Torgelow-Drögeheide 90"]
[BlackTeam "SK Tarrasch 1945 München"]
[PlyCount "72"]
[WhiteFideId "16266900"]
[BlackFideId "16275748"]
[EventCountry "GER"]
[EventRounds "7"]
[EventType "team-swiss"]
[EventDate "2021.08.04"]

1. e4 {[%clk 01:30:56]} {[%emt 00:01:16]} c5 {[%clk 01:30:52]} 2. Nf3 {[%clk
01:30:58]} e6 {[%clk 01:30:50]} 3. d4 {[%clk 01:30:59]} cxd4 {[%clk 01:30:49]}
4. Nxd4 {[%clk 01:30:17]} a6 {[%clk 01:30:44]} 5. Nc3 {[%clk 01:28:41]} {[%emt
00:00:43]} Qc7 {[%clk 01:30:59]} {[%emt 00:00:17]} 6. g3 {[%clk 01:27:42]}
{[%emt 00:57:34]} Bb4 {[%clk 01:29:16]} 7. Bd2 {[%clk 01:25:52]} Nf6 {[%clk
01:28:06]} 8. Bg2 {[%clk 01:23:43]} Bc5 {[%clk 01:26:30]} 9. Nb3 {[%clk
01:17:42]} {[%emt 00:00:04]} Be7 {[%clk 01:24:58]} 10. O-O {[%clk 01:13:40]} d6
{[%clk 01:23:41]} 11. a4 {[%clk 01:11:57]} O-O {[%clk 01:20:36]} {[%emt
00:00:04]} 12. f4 {[%clk 01:08:22]} Nc6 {[%clk 01:14:10]} 13. g4 {[%clk
00:56:04]} Bd7 {[%clk 01:02:24]} {[%emt 01:05:13]} 14. g5 {[%clk 00:49:57]} Ne8
{[%clk 01:00:39]} 15. h4 {[%clk 00:47:22]} f6 {[%clk 00:57:53]} 16. Qh5 {[%clk
00:43:04]} g6 {[%clk 00:55:30]} {[%emt 00:00:05]} 17. Qg4 {[%clk 00:40:46]} f5
{[%clk 00:54:29]} 18. Qf3 {[%clk 00:39:13]} Ng7 {[%clk 00:51:55]} 19. Rae1
{[%clk 00:37:19]} fxe4 {[%clk 00:44:46]} {[%emt 00:00:16]} 20. Nxe4 {[%clk
00:35:46]} d5 {[%clk 00:41:25]} 21. Nec5 {[%clk 00:35:21]} Nd4 {[%clk
00:39:01]} 22. Nxd4 {[%clk 00:26:33]} {[%emt 00:07:18]} Bxc5 {[%clk 00:39:09]}
{[%emt 00:00:24]} 23. Bc3 {[%clk 00:24:49]} {[%emt 00:02:13]} Qb6 {[%clk
00:38:47]} {[%emt 00:00:52]} 24. Qe3 {[%clk 00:24:43]} {[%emt 00:01:54]} Nf5
{[%clk 00:39:05]} 25. Qd3 {[%clk 00:22:41]} {[%emt 00:01:25]} Bxd4+ {[%clk
00:39:20]} {[%emt 00:00:16]} 26. Bxd4 {[%clk 00:22:45]} {[%emt 00:00:31]} Qxd4+
{[%clk 00:39:25]} {[%emt 00:00:20]} 27. Qxd4 {[%clk 00:23:09]} {[%emt
00:00:06]} Nxd4 {[%emt 00:00:07]} 28. c3 {[%emt 00:00:28]} Nf5 {[%clk
00:39:11]} {[%emt 00:00:14]} 29. c4 {[%clk 00:23:23]} {[%emt 00:00:17]} Nxh4
{[%clk 00:39:11]} {[%emt 00:00:30]} 30. cxd5 {[%clk 00:22:56]} {[%emt
00:00:52]} Nxg2 {[%emt 00:00:08]} 31. Kxg2 {[%emt 00:00:05]} exd5 {[%clk
00:39:24]} {[%emt 00:00:07]} 32. b3 {[%clk 00:22:52]} {[%emt 00:00:31]} Bc6
{[%clk 00:39:51]} {[%emt 00:00:06]} 33. Kg3 {[%clk 00:23:05]} {[%emt 00:00:14]}
Rae8 {[%clk 00:40:15]} {[%emt 00:00:12]} 34. Rd1 {[%clk 00:23:16]} {[%emt
00:00:22]} Re3+ {[%clk 00:40:23]} {[%emt 00:00:15]} 35. Kg4 {[%clk 00:23:39]}
{[%emt 00:00:05]} Bd7+ {[%clk 00:40:45]} {[%emt 00:00:07]} 36. Kh4 {[%clk
00:23:56]} {[%emt 00:00:13]} Rh3# {[%clk 00:41:12]} {[%emt 00:00:09]} 0-1

[Event "DVM U12 2020"]
[Site "Magdeburg GER"]
[Date "2021.08.06"]
[Round "3"]
[White "Lipinsky, Pierre"]
[Black "Briese, Paul"]
[Result "1-0"]
[Termination "normal"]
[Board "5.3"]
[WhiteElo "1418"]
[BlackElo "1113"]
[WhiteTeam "SK Tarrasch 1945 München"]
[BlackTeam "SAV Torgelow-Drögeheide 90"]
[PlyCount "119"]
[WhiteFideId "16206290"]
[BlackFideId "16273826"]
[EventCountry "GER"]
[EventRounds "7"]
[EventType "team-swiss"]
[EventDate "2021.08.04"]

1. d4 d5 2. Bf4 Nf6 3. e3 c5 4. c3 e6 5. Nf3 Nc6 6. Be2 Bd6 7. Ne5 Qc7 8. Bb5
Nd7 9. Qg4 g6 10. Nxc6 bxc6 11. Bxd6 Qxd6 12. Ba4 Rb8 13. Nd2 Ba6 14. dxc5 Nxc5
15. Qd4 Nd3+ 16. Kf1 Nxb2+ 17. Kg1 O-O 18. Bb3 c5 19. Qf6 Nd3 20. Nf3 Qd8 21.
Qxd8 Rfxd8 22. h4 h5 23. Rd1 c4 24. Bc2 Nc5 25. Nd4 Rb6 26. f3 e5 27. Ne2 Rb2
28. Rd2 Rxa2 29. Nc1 Ra5 30. g4 Ra3 31. gxh5 gxh5 32. Rg2+ Kf8 33. Ne2 Na4 34.
Bxa4 Rxa4 35. Rg5 e4 36. f4 Ra1+ 37. Kg2 Rxh1 38. Kxh1 Bb7 39. Rxh5 Rd6 40. Rg5
Rg6 41. h5 Rxg5 42. fxg5 Kg7 43. Kg2 Bc8 44. Kg3 a5 45. Nd4 a4 46. Nb5 Bf5 47.
Kf4 Bd7 48. Na3 Bc8 49. Ke5 Bb7 50. Kd6 Ba8 51. Ke7 Bc6 52. h6 Kg6 53. h7 Kxh7
54. Kxf7 Be8+ 55. Kxe8 Kg6 56. Ke7 Kxg5 57. Ke6 Kg4 58. Kxd5 Kf3 59. Kd4 Ke2
60. Kxe4 1-0

[Event "DVM U12 2020"]
[Site "Magdeburg GER"]
[Date "2021.08.06"]
[Round "3"]
[White "Wandelt, Moritz"]
[Black "Daugavet, Roman"]
[Result "0-1"]
[Termination "normal"]
[Board "5.4"]
[WhiteElo "1029"]
[BlackElo "1182"]
[WhiteClock "00:42:05"]
[BlackClock "00:59:09"]
[WhiteTeam "SAV Torgelow-Drögeheide 90"]
[BlackTeam "SK Tarrasch 1945 München"]
[PlyCount "78"]
[WhiteFideId "34605070"]
[BlackFideId "34608338"]
[EventCountry "GER"]
[EventRounds "7"]
[EventType "team-swiss"]
[EventDate "2021.08.04"]

1. e4 {[%clk 01:30:58]} {[%emt 00:00:25]} e5 {[%clk 01:30:56]} 2. Nf3 {[%clk
01:31:21]} Nc6 {[%clk 01:31:18]} 3. d4 {[%clk 01:31:28]} exd4 {[%clk 01:31:43]}
4. Nxd4 {[%clk 01:31:49]} Bc5 {[%clk 01:32:07]} 5. Be3 {[%clk 01:31:57]} {[%emt
00:02:45]} Qf6 {[%clk 01:32:17]} 6. c3 {[%clk 01:32:02]} Nh6 {[%clk 01:31:39]}
7. h3 {[%clk 01:29:10]} {[%emt 00:05:06]} Qe5 {[%clk 01:29:04]} {[%emt
00:04:10]} 8. Nxc6 {[%clk 01:27:52]} bxc6 {[%clk 01:29:16]} 9. Bxc5 {[%clk
01:24:14]} {[%emt 00:29:06]} Qxc5 {[%clk 01:29:03]} 10. Qd4 {[%clk 01:07:53]}
Qxd4 {[%clk 01:27:26]} 11. cxd4 Rb8 {[%clk 01:26:38]} 12. b3 {[%clk 01:07:35]}
{[%emt 00:00:05]} Rb4 {[%clk 01:26:37]} 13. Bc4 {[%clk 01:07:15]} d5 {[%clk
01:25:06]} 14. exd5 {[%clk 01:07:12]} cxd5 {[%clk 01:25:19]} {[%emt 01:18:02]}
15. Bxd5 {[%clk 01:06:19]} Rxd4 {[%clk 01:24:20]} 16. Bc6+ {[%clk 01:05:33]}
Kd8 {[%clk 01:23:56]} 17. O-O {[%clk 00:59:13]} Rd6 {[%clk 01:24:01]} {[%emt
00:04:22]} 18. Bb5 {[%clk 00:58:29]} c6 {[%clk 01:23:08]} 19. Bc4 {[%clk
00:57:12]} Rg6 {[%clk 01:22:27]} 20. Nc3 {[%clk 00:55:15]} Bxh3 {[%clk
01:16:26]} 21. Rad1+ {[%clk 00:53:10]} Kc7 {[%clk 01:15:23]} 22. Kh2 {[%clk
00:51:49]} Be6 {[%clk 01:11:02]} 23. Bd3 {[%clk 00:48:12]} Ng4+ {[%clk
01:01:29]} 24. Kg1 {[%clk 00:46:15]} Rh6 {[%clk 01:01:12]} 25. f3 {[%clk
00:45:09]} Ne3 {[%clk 00:59:12]} 26. Ne4 {[%clk 00:45:07]} Nxd1 {[%clk
00:58:37]} 27. Rxd1 {[%clk 00:45:30]} Rd8 {[%clk 00:58:05]} 28. Nc5 {[%clk
00:45:31]} Bf5 {[%clk 00:57:43]} 29. g4 {[%clk 00:44:25]} Bxd3 {[%clk
00:57:47]} 30. Nxd3 Rhd6 {[%clk 00:58:00]} 31. Kf2 {[%clk 00:41:17]} Rxd3
{[%clk 00:58:18]} 32. Rxd3 {[%clk 00:41:34]} Rxd3 {[%clk 00:58:42]} 33. Ke2
{[%clk 00:41:55]} Rd6 {[%clk 00:58:44]} 34. Ke3 {[%clk 00:41:11]} c5 {[%clk
00:58:48]} 35. Ke4 {[%clk 00:41:03]} Ra6 {[%clk 00:58:43]} 36. a4 {[%clk
00:41:25]} {[%emt 00:00:44]} Rb6 {[%clk 00:59:01]} 37. Kd5 {[%clk 00:41:38]}
Rxb3 {[%clk 00:58:44]} 38. Kxc5 {[%clk 00:41:51]} Rxf3 {[%clk 00:59:05]} 39. a5
{[%clk 00:42:05]} a6 {[%clk 00:59:09]} 0-1

[Event "DVM U12 2020"]
[Site "Magdeburg GER"]
[Date "2021.08.06"]
[Round "3"]
[White "Dubinker, Philipp"]
[Black "Apel, Linus"]
[Result "1-0"]
[Termination "normal"]
[Board "6.1"]
[WhiteElo "1382"]
[BlackElo "1475"]
[WhiteClock "00:16:13"]
[BlackClock "00:30:05"]
[WhiteTeam "SK Marburg 1931/72"]
[BlackTeam "USV Erfurt"]
[PlyCount "99"]
[WhiteFideId "34608320"]
[BlackFideId "16265785"]
[EventCountry "GER"]
[EventRounds "7"]
[EventType "team-swiss"]
[EventDate "2021.08.04"]

1. e4 {[%clk 01:30:58]} e5 {[%clk 01:29:48]} 2. Nf3 {[%clk 01:31:21]} Nf6
{[%clk 01:30:10]} 3. Nc3 {[%clk 01:31:02]} Nc6 {[%clk 01:30:32]} 4. Bb5 {[%clk
01:29:54]} Bb4 {[%clk 01:30:19]} {[%emt 00:00:34]} 5. d3 {[%clk 01:29:30]}
{[%emt 00:03:17]} d6 {[%clk 01:30:08]} 6. a3 {[%clk 01:29:11]} Ba5 {[%clk
01:29:45]} 7. b4 {[%clk 01:28:21]} {[%emt 00:57:36]} Bb6 {[%clk 01:30:09]} 8.
Bg5 {[%clk 01:27:25]} Bd7 {[%clk 01:26:29]} 9. Nd5 {[%clk 01:25:05]} Nb8 {[%clk
01:25:53]} 10. Bxf6 {[%clk 01:21:55]} gxf6 {[%clk 01:26:09]} 11. Nxb6 {[%clk
01:21:49]} axb6 {[%clk 01:26:17]} 12. Bxd7+ {[%clk 01:21:07]} Nxd7 {[%clk
01:26:32]} {[%emt 00:59:52]} 13. Nh4 {[%clk 01:17:11]} Nf8 {[%clk 01:26:17]}
14. Nf5 {[%clk 01:16:24]} Ne6 {[%clk 01:26:35]} 15. O-O {[%clk 01:13:49]} Kd7
{[%clk 01:26:09]} 16. Qh5 {[%clk 01:11:31]} {[%emt 00:01:03]} Qg8 {[%clk
01:24:48]} 17. g3 {[%clk 01:08:37]} Nf4 {[%clk 01:13:52]} 18. Qf3 {[%clk
01:04:52]} Qg6 {[%clk 01:12:19]} 19. Kh1 {[%clk 01:01:18]} Ne6 {[%clk
01:11:21]} 20. c3 {[%clk 00:59:01]} Ng5 {[%clk 01:10:25]} 21. Qe2 {[%clk
00:56:47]} {[%emt 00:00:03]} h5 {[%clk 01:09:36]} 22. h4 {[%clk 00:56:06]} Ne6
{[%clk 01:09:10]} 23. f3 {[%clk 00:53:18]} Rag8 {[%clk 01:08:40]} 24. Rg1
{[%clk 00:51:50]} Ng7 {[%clk 01:08:43]} {[%emt 00:00:04]} 25. Nxg7 {[%clk
00:49:26]} Rxg7 {[%clk 01:09:03]} 26. d4 {[%clk 00:48:45]} Rhg8 {[%clk
01:07:03]} 27. dxe5 {[%clk 00:46:49]} fxe5 {[%clk 01:07:23]} 28. Rad1 {[%clk
00:45:51]} Qe6 {[%clk 01:07:35]} 29. Kh2 {[%clk 00:44:47]} {[%emt 00:00:51]}
Qb3 {[%clk 01:05:59]} 30. Qb5+ {[%clk 00:42:35]} Ke7 {[%clk 01:05:52]} 31. Rd3
{[%clk 00:39:49]} Qxa3 {[%clk 01:05:46]} 32. Qd5 {[%clk 00:38:22]} Qa4 {[%clk
01:03:54]} 33. Rd2 {[%clk 00:36:47]} Qa3 {[%clk 01:00:25]} 34. Qc4 {[%clk
00:35:26]} Qa4 {[%clk 00:58:16]} 35. Qxc7+ {[%clk 00:35:15]} Qd7 {[%clk
00:58:25]} 36. Qxb6 {[%clk 00:34:57]} Rg6 {[%clk 00:57:17]} 37. Qe3 {[%clk
00:33:32]} {[%emt 00:00:12]} Qc7 {[%clk 00:53:51]} {[%emt 00:03:03]} 38. Rc2
{[%clk 00:32:20]} {[%emt 00:01:30]} Ra8 {[%clk 00:53:02]} {[%emt 00:01:48]} 39.
c4 {[%clk 00:30:15]} {[%emt 00:02:04]} b6 {[%clk 00:46:50]} {[%emt 00:08:30]}
40. c5 {[%clk 00:27:19]} {[%emt 00:01:37]} bxc5 {[%clk 00:45:50]} {[%emt
00:05:47]} 41. bxc5 {[%clk 00:27:34]} Kf8 {[%clk 00:44:14]} 42. Rgg2 {[%clk
00:26:34]} Qd7 {[%clk 00:40:01]} {[%emt 00:09:10]} 43. cxd6 {[%clk 00:23:49]}
Rxd6 {[%clk 00:38:55]} 44. Qg5 {[%clk 00:21:40]} {[%emt 00:02:38]} Re8 {[%clk
00:30:05]} {[%emt 00:16:22]} 45. Qxh5 {[%clk 00:21:35]} Rg6 {[%clk 00:30:13]}
46. Qf5 {[%clk 00:19:08]} Qd6 {[%clk 00:29:52]} 47. Rc8 {[%clk 00:17:18]} Rxc8
{[%clk 00:30:10]} {[%emt 00:00:18]} 48. Qxc8+ {[%clk 00:17:42]} {[%emt
00:00:10]} Kg7 {[%clk 00:30:35]} 49. Qc3 {[%clk 00:17:19]} {[%emt 00:00:47]}
Qe6 {[%clk 00:30:05]} {[%emt 00:01:25]} 50. f4 {[%clk 00:16:13]} {[%emt
00:01:12]} 1-0

[Event "DVM U12 2020"]
[Site "Magdeburg GER"]
[Date "2021.08.06"]
[Round "3"]
[White "Wagner, Anton"]
[Black "Jung, Felix"]
[Result "1-0"]
[Termination "normal"]
[Board "6.2"]
[WhiteElo "1406"]
[BlackElo "1147"]
[WhiteClock "00:53:32"]
[BlackClock "01:32:21"]
[WhiteTeam "USV Erfurt"]
[BlackTeam "SK Marburg 1931/72"]
[PlyCount "91"]
[WhiteFideId "34608095"]
[BlackFideId "34608290"]
[EventCountry "GER"]
[EventRounds "7"]
[EventType "team-swiss"]
[EventDate "2021.08.04"]

1. d4 {[%clk 01:30:57]} {[%emt 00:14:49]} d5 {[%clk 01:30:35]} 2. c4 {[%clk
01:31:25]} Nc6 {[%clk 01:30:38]} 3. Nf3 {[%clk 01:30:56]} dxc4 {[%clk
01:30:48]} {[%emt 00:03:10]} 4. e4 {[%clk 01:31:19]} e5 {[%clk 01:30:41]} 5. d5
{[%clk 01:31:23]} Bb4+ {[%clk 01:29:50]} 6. Bd2 {[%clk 01:31:36]} Bxd2+ {[%clk
01:29:55]} 7. Nbxd2 {[%clk 01:31:20]} {[%emt 00:00:05]} Nd4 {[%clk 01:29:48]}
8. Nxd4 {[%clk 01:31:16]} exd4 {[%clk 01:29:53]} 9. Bxc4 {[%clk 01:31:37]} c5
{[%clk 01:30:04]} {[%emt 00:00:05]} 10. O-O {[%clk 01:24:52]} Qg5 {[%clk
01:30:21]} 11. Bb5+ {[%clk 01:22:23]} Kd8 {[%clk 01:30:28]} 12. Nb3 {[%clk
01:16:57]} {[%emt 00:00:05]} Bh3 {[%clk 01:30:28]} 13. Qf3 {[%clk 01:17:17]} a6
{[%clk 01:29:58]} 14. Qxh3 {[%clk 01:16:38]} axb5 {[%clk 01:30:09]} 15. Nxc5
{[%clk 01:15:45]} {[%emt 00:00:04]} Nf6 {[%clk 01:30:08]} 16. f4 {[%clk
01:09:06]} Qg4 {[%clk 01:30:04]} 17. Qxg4 {[%clk 01:02:45]} Nxg4 {[%clk
01:27:42]} 18. Nxb7+ {[%clk 01:02:17]} {[%emt 00:18:36]} Kc7 {[%clk 01:27:52]}
19. Nc5 {[%clk 01:02:19]} Ne3 {[%clk 01:27:41]} 20. Rfc1 {[%clk 01:00:58]} Kb8
{[%clk 01:27:16]} 21. Nd7+ {[%clk 00:59:27]} {[%emt 00:12:01]} Kb7 {[%clk
01:27:34]} 22. Ne5 {[%clk 00:54:37]} f6 {[%clk 01:27:40]} 23. Nf3 {[%clk
00:54:35]} f5 {[%clk 01:27:51]} 24. Nxd4 {[%clk 00:50:29]} {[%emt 00:00:10]}
fxe4 {[%clk 01:27:55]} 25. Nxb5 {[%clk 00:50:23]} Rhe8 {[%clk 01:28:11]} 26.
Nd6+ {[%clk 00:50:30]} Kb6 {[%clk 01:28:30]} {[%emt 00:00:05]} 27. Nxe8 {[%clk
00:50:38]} Rxe8 {[%clk 01:28:58]} 28. Rc6+ {[%clk 00:50:39]} Kb7 {[%clk
01:29:16]} 29. Re6 {[%clk 00:50:34]} Rxe6 {[%clk 01:28:58]} {[%emt 00:00:05]}
30. dxe6 {[%clk 00:50:58]} Kc7 {[%clk 01:29:22]} 31. Re1 {[%clk 00:50:13]} Kd6
{[%clk 01:29:15]} 32. Rxe3 {[%clk 00:50:30]} Kxe6 {[%clk 01:29:38]} {[%emt
00:00:04]} 33. Rxe4+ {[%clk 00:50:57]} Kf5 {[%clk 01:29:45]} 34. Re8 {[%clk
00:51:02]} Kg4 {[%clk 01:29:49]} 35. a4 {[%clk 00:51:20]} h5 {[%clk 01:29:55]}
{[%emt 00:01:13]} 36. a5 {[%clk 00:51:39]} g5 {[%clk 01:30:13]} 37. fxg5 {[%clk
00:52:02]} Kh4 {[%clk 01:30:21]} 38. a6 Kg4 {[%clk 01:30:21]} 39. a7 {[%clk
00:52:13]} {[%emt 00:43:30]} Kxg5 {[%clk 01:30:54]} 40. a8=Q {[%clk 00:52:20]}
Kh4 {[%clk 01:31:18]} 41. Qe4+ {[%clk 00:52:31]} {[%emt 00:00:04]} Kg5 {[%clk
01:31:34]} 42. Re5+ {[%clk 00:52:26]} Kh6 {[%clk 01:31:49]} 43. Qc6+ {[%clk
00:52:49]} Kg7 {[%clk 01:32:13]} 44. Re7+ {[%clk 00:53:10]} {[%emt 00:00:05]}
Kf8 {[%clk 01:32:21]} 45. Qf6+ {[%clk 00:53:32]} Kg8 {[%clk 01:32:21]} 46. Qg7#
1-0